书目信息 |
| 题名: |
大学心理学
|
|
| 作者: | 季亚钦科 , 坎迪鲍维奇 , 朱企儒 著 | |
| 分册: | ||
| 出版信息: | 北京 教育科学出版社 1985 |
|
| 页数: | 388页 | |
| 开本: | 20cm | |
| 丛书名: | ||
| 单 册: | ||
| 中图分类: | G44 , B84 | |
| 科图分类: | 38.14 | |
| 主题词: | 高等学校-教育心理学 , 教育心理学-高等学校 , 心理学 | |
| 电子资源: | ||
| ISBN: | ||
| 000 | 01160nam0 2200349 45 | |
| 001 | 1231529422 | |
| 005 | 20120929085005.70 | |
| 010 | @dCNY1.90 | |
| 010 | @a7-5041-0005-6@dCNY3.00 | |
| 100 | @a19910417d1985 km y0chiy0120 ea | |
| 101 | 1 | @achi@crus |
| 102 | @aCN@b110000 | |
| 102 | @aCN@b110000 | |
| 105 | @ay z 000yy | |
| 200 | 10 | @a大学心理学@Ada xue xin li xue@f(苏)季亚钦科,(苏)坎迪鲍维奇著@F( su ) ji ya qin ke ,( su ) kan di bao wei qi zhu@g朱企儒等译 |
| 210 | @a北京@c教育科学出版社@d1985 | |
| 210 | @a北京@c教育科学出版社 | |
| 215 | @a388页@d20cm | |
| 300 | @a著者原题:М.И.季亚钦科 Л.А.坎迪鲍维奇 | |
| 330 | @a本书揭示了培养全面发展的专家的心理学规律,阐述了大学心理学的基本问题,并对大学的学生、教师和领导的心理特征进行了分析。 | |
| 540 | 1 | @a大学心理学@Ada xue xin li xue |
| 606 | 0 | @a高等学校-教育心理学 |
| 606 | 0 | @a教育心理学-高等学校 |
| 606 | 0 | @a心理学 |
| 690 | @aG44@v1980 | |
| 690 | @aB84@v4 | |
| 692 | @a38.14@v1974 | |
| 701 | 0 | @a季亚钦科@Aji ya qin ke@4著 |
| 701 | 0 | @a坎迪鲍维奇@Akan di bao wei qi@4著 |
| 701 | 0 | @a朱企儒@Azhu qi ru@4译 |
| 801 | 0 | @aCN@bTSSF@c19910417 |
| 905 | @a10447@dB84@eJY78 | |
| 大学心理学/(苏)季亚钦科,(苏)坎迪鲍维奇著/朱企儒等译.-北京:教育科学出版社,1985.-北京:教育科学出版社 |
| 388页;20cm |
| 著者原题:М.И.季亚钦科 Л.А.坎迪鲍维奇 |
| ISBN :CNY1.90 |
| 本书揭示了培养全面发展的专家的心理学规律,阐述了大学心理学的基本问题,并对大学的学生、教师和领导的心理特征进行了分析。 |
| ● |
| 相关链接 |
|
|
|
|
正题名:大学心理学
索取号:B84/JY78
 
预约/预借
| 序号 | 登录号 | 条形码 | 馆藏地/架位号 | 状态 | 备注 |
| 1 | 7830249 | 278302490 | 学院路分馆/ [索取号:B84/JY78] | 在馆 | |
| 2 | 7830250 | 278302506 | 学院路分馆/ [索取号:B84/JY78] | 在馆 | |
| 3 | 7830251 | 278302515 | 学院路分馆/ [索取号:B84/JY78] | 在馆 | |
| 4 | 7830252 | 278302524 | 学院路分馆/ [索取号:B84/JY78] | 在馆 |